Central Library || Chittagong University

Indian idealism ./ (Record no. 111075)

MARC details
000 -LEADER
fixed length control field 00469nam a22001697a 4500
003 - CONTROL NUMBER IDENTIFIER
control field BD-ChCU
005 - DATE AND TIME OF LATEST TRANSACTION
control field 20260115111542.0
008 - FIXED-LENGTH DATA ELEMENTS--GENERAL INFORMATION
fixed length control field 260115b bg ||||| |||| 00| 0 ben d
040 ## - CATALOGING SOURCE
Transcribing agency BD-ChCU
082 ## - DEWEY DECIMAL CLASSIFICATION NUMBER
Classification number 181.4 SUI
100 ## - MAIN ENTRY--PERSONAL NAME
Personal name Surendranath Dasgupta .
9 (RLIN) 19298
245 ## - TITLE STATEMENT
Title Indian idealism ./
Statement of responsibility, etc. Dasgupta Surendranath .
260 ## - PUBLICATION, DISTRIBUTION, ETC.
Place of publication, distribution, etc. Cambridge :
Name of publisher, distributor, etc. Univ. press ,
Date of publication, distribution, etc. C 1962
300 ## - PHYSICAL DESCRIPTION
Extent xxiii , 206p .
650 #0 - SUBJECT ADDED ENTRY--TOPICAL TERM
Topical term or geographic name entry element Philosophy - India .
9 (RLIN) 19299
942 ## - ADDED ENTRY ELEMENTS (KOHA)
Source of classification or shelving scheme Dewey Decimal Classification
Koha item type Books
Suppress in OPAC No
Holdings
Withdrawn status Lost status Source of classification or shelving scheme Damaged status Not for loan Home library Current library Shelving location Date acquired Source of acquisition Total Checkouts Full call number Barcode Date last seen Copy number Price effective from Koha item type
    Dewey Decimal Classification     Chittagong University Library Chittagong University Library Arts and Humanities Reading Room 01/15/2026 Purchase   181.49 SUI 30226 01/15/2026 C-1 01/15/2026 Books
    Dewey Decimal Classification     Chittagong University Library Chittagong University Library Arts and Humanities Reading Room 01/15/2026 Purchase   181.4 SUI 30242 01/15/2026 C-2 01/15/2026 Books
    Dewey Decimal Classification     Chittagong University Library Chittagong University Library Arts and Humanities Reading Room 01/15/2026 Purchase   181.4 SUI 30136 01/15/2026 C-3 01/15/2026 Books
    Dewey Decimal Classification     Chittagong University Library Chittagong University Library Arts and Humanities Reading Room 01/15/2026 Purchase   181.4 SUI 86961 01/15/2026 C-4 01/15/2026 Books
© Copyright 2026. Chittagong University Library, Installation and Maintenance by Prof. Dr. Md. Alamgir, 01711306253